<?xml version="1.0" encoding="UTF-8"?>
<record
    xmlns:xsi="http://www.w3.org/2001/XMLSchema-instance"
    xsi:schemaLocation="http://www.loc.gov/MARC21/slim http://www.loc.gov/standards/marcxml/schema/MARC21slim.xsd"
    xmlns="http://www.loc.gov/MARC21/slim">

  <leader>01771nam0a22003491i 4500</leader>
  <controlfield tag="001">rc\1363710</controlfield>
  <controlfield tag="005">20260407065446.0</controlfield>
  <datafield tag="035" ind1=" " ind2=" ">
    <subfield code="a">(NLR Aleph) 005281985</subfield>
  </datafield>
  <datafield tag="090" ind1=" " ind2=" ">
    <subfield code="a">6107621</subfield>
    <subfield code="c">6107621</subfield>
  </datafield>
  <datafield tag="100" ind1=" " ind2=" ">
    <subfield code="a">20060512d1867    |||y0rusy50      ca</subfield>
  </datafield>
  <datafield tag="101" ind1="1" ind2=" ">
    <subfield code="a">rus</subfield>
    <subfield code="c">ger</subfield>
  </datafield>
  <datafield tag="102" ind1=" " ind2=" ">
    <subfield code="a">RU</subfield>
  </datafield>
  <datafield tag="105" ind1=" " ind2=" ">
    <subfield code="a">a   z   |||||</subfield>
  </datafield>
  <datafield tag="200" ind1="1" ind2=" ">
    <subfield code="a">&#x41B;&#x435;&#x441;&#x43D;&#x44B;&#x435; &#x436;&#x438;&#x432;&#x43E;&#x442;&#x43D;&#x44B;&#x435;</subfield>
    <subfield code="e">&#x417;&#x432;&#x435;&#x440;&#x438;, &#x43F;&#x442;&#x438;&#x446;&#x44B; &#x438; &#x43F;&#x440;&#x435;&#x441;&#x43C;&#x44B;&#x43A;&#x430;&#x44E;&#x449;&#x438;&#x435;&#x441;&#x44F;</subfield>
    <subfield code="e">&#x421; 20 &#x433;&#x440;&#x430;&#x432;. &#x43D;&#x430; &#x441;&#x442;&#x430;&#x43B;&#x438; &#x438; 71 &#x440;&#x438;&#x441;., &#x440;&#x435;&#x437;. &#x43D;&#x430; &#x434;&#x435;&#x440;&#x435;&#x432;&#x435;</subfield>
    <subfield code="f">&#x421;&#x43E;&#x447;. &#x410;. &#x411;&#x440;&#x435;&#x43C;&#x430; &#x438; &#x415;. &#x420;&#x43E;&#x441;&#x441;&#x43C;&#x435;&#x441;&#x441;&#x43B;&#x435;&#x440;&#x430;</subfield>
    <subfield code="g">&#x41F;&#x435;&#x440;. &#x441; &#x43D;&#x435;&#x43C;. &#x41D;. &#x421;&#x442;&#x440;&#x430;&#x445;&#x43E;&#x432;&#x430;</subfield>
    <subfield code="g">&#x420;&#x438;&#x441;. &#x422;.&#x424;. &#x426;&#x438;&#x43C;&#x43C;&#x435;&#x440;&#x43C;&#x430;&#x43D;; &#x433;&#x440;&#x430;&#x432;.: &#x410;. &#x41A;&#x440;&#x430;&#x443;&#x441;&#x441;&#x435;, &#x410;&#x434;. &#x41D;&#x435;&#x439;&#x43C;&#x430;&#x43D; &#x438; &#x410;. &#x428;&#x43B;&#x435;&#x439;&#x445;; &#x440;&#x435;&#x437;&#x430;&#x43B;&#x438; &#x410;&#x430;&#x440;&#x43B;&#x430;&#x43D;&#x434;, &#x418;&#x43B;&#x43B;&#x44C;&#x43D;&#x435;&#x440; &#x438; &#x412;&#x435;&#x43D;&#x434;&#x442;</subfield>
  </datafield>
  <datafield tag="210" ind1=" " ind2=" ">
    <subfield code="a">&#x421;&#x430;&#x43D;&#x43A;&#x442;-&#x41F;&#x435;&#x442;&#x435;&#x440;&#x431;&#x443;&#x440;&#x433;</subfield>
    <subfield code="c">&#x412;&#x430;&#x433;&#x430;&#x43D;&#x43E;&#x432;</subfield>
    <subfield code="d">1867</subfield>
  </datafield>
  <datafield tag="215" ind1=" " ind2=" ">
    <subfield code="a">[12], 790 &#x441;., 1 &#x43B;. &#x444;&#x440;&#x43E;&#x43D;&#x442;. (&#x438;&#x43B;.), [19] &#x43B;. &#x438;&#x43B;.</subfield>
    <subfield code="c">&#x438;&#x43B;.</subfield>
    <subfield code="d">25</subfield>
  </datafield>
  <datafield tag="700" ind1=" " ind2="1">
    <subfield code="8">rus</subfield>
    <subfield code="7">ca</subfield>
    <subfield code="a">&#x411;&#x440;&#x435;&#x43C;</subfield>
    <subfield code="b">&#x410;. &#x42D;.</subfield>
    <subfield code="f">1829-1884</subfield>
    <subfield code="g">&#x410;&#x43B;&#x44C;&#x444;&#x440;&#x435;&#x434; &#x42D;&#x434;&#x43C;&#x443;&#x43D;&#x434;</subfield>
    <subfield code="3">RU\NLR\AUTH\7716106</subfield>
    <subfield code="9">125748</subfield>
  </datafield>
  <datafield tag="701" ind1=" " ind2="1">
    <subfield code="8">rus</subfield>
    <subfield code="7">ca</subfield>
    <subfield code="a">&#x420;&#x43E;&#x441;&#x441;&#x43C;&#x435;&#x441;&#x441;&#x43B;&#x435;&#x440;</subfield>
    <subfield code="b">&#x42D;. &#x410;.</subfield>
    <subfield code="f">1806-1867</subfield>
    <subfield code="g">&#x42D;&#x43C;&#x438;&#x43B;&#x44C; &#x410;&#x434;&#x43E;&#x43B;&#x44C;&#x444;</subfield>
    <subfield code="3">RU\NLR\AUTH\7788483</subfield>
    <subfield code="9">71411</subfield>
  </datafield>
  <datafield tag="702" ind1=" " ind2="1">
    <subfield code="4">730</subfield>
    <subfield code="8">rus</subfield>
    <subfield code="7">ca</subfield>
    <subfield code="a">&#x421;&#x442;&#x440;&#x430;&#x445;&#x43E;&#x432;</subfield>
    <subfield code="b">&#x41D;. &#x41D;.</subfield>
    <subfield code="c">&#x444;&#x438;&#x43B;&#x43E;&#x441;&#x43E;&#x444;</subfield>
    <subfield code="f">1828-1896</subfield>
    <subfield code="g">&#x41D;&#x438;&#x43A;&#x43E;&#x43B;&#x430;&#x439; &#x41D;&#x438;&#x43A;&#x43E;&#x43B;&#x430;&#x435;&#x432;&#x438;&#x447;</subfield>
    <subfield code="3">RU\NLR\AUTH\7757605</subfield>
    <subfield code="9">40537</subfield>
  </datafield>
  <datafield tag="702" ind1=" " ind2="1">
    <subfield code="a">&#x426;&#x438;&#x43C;&#x43C;&#x435;&#x440;&#x43C;&#x430;&#x43D;</subfield>
    <subfield code="b">&#x422;. &#x424;.</subfield>
    <subfield code="g">&#x422;&#x435;&#x43E;&#x434;&#x43E;&#x440; &#x424;&#x440;&#x430;&#x43D;&#x446;</subfield>
    <subfield code="4">440</subfield>
  </datafield>
  <datafield tag="702" ind1=" " ind2="1">
    <subfield code="a">&#x41A;&#x440;&#x430;&#x443;&#x441;&#x441;&#x435;</subfield>
    <subfield code="b">&#x410;.</subfield>
    <subfield code="4">440</subfield>
  </datafield>
  <datafield tag="702" ind1=" " ind2="1">
    <subfield code="a">&#x41D;&#x435;&#x439;&#x43C;&#x430;&#x43D;</subfield>
    <subfield code="b">&#x410;&#x434;.</subfield>
    <subfield code="4">440</subfield>
  </datafield>
  <datafield tag="702" ind1=" " ind2="1">
    <subfield code="a">&#x428;&#x43B;&#x435;&#x439;&#x445;</subfield>
    <subfield code="b">&#x410;.</subfield>
    <subfield code="4">440</subfield>
  </datafield>
  <datafield tag="702" ind1=" " ind2="1">
    <subfield code="a">&#x410;&#x430;&#x440;&#x43B;&#x430;&#x43D;&#x434;</subfield>
    <subfield code="4">440</subfield>
  </datafield>
  <datafield tag="702" ind1=" " ind2="1">
    <subfield code="a">&#x418;&#x43B;&#x43B;&#x44C;&#x43D;&#x435;&#x440;</subfield>
    <subfield code="4">440</subfield>
  </datafield>
  <datafield tag="702" ind1=" " ind2="1">
    <subfield code="a">&#x412;&#x435;&#x43D;&#x434;&#x442;</subfield>
    <subfield code="4">440</subfield>
  </datafield>
  <datafield tag="801" ind1=" " ind2="0">
    <subfield code="a">RU</subfield>
    <subfield code="b">NLR</subfield>
    <subfield code="c">20060512</subfield>
    <subfield code="g">psbo</subfield>
  </datafield>
  <datafield tag="801" ind1=" " ind2="0">
    <subfield code="a">RU</subfield>
    <subfield code="b">RuMoRGB</subfield>
    <subfield code="c">20060512</subfield>
    <subfield code="2">psbo</subfield>
  </datafield>
  <datafield tag="801" ind1=" " ind2="1">
    <subfield code="a">RU</subfield>
    <subfield code="b">ProSoft-M</subfield>
    <subfield code="c">20060512</subfield>
    <subfield code="2">rusmarc</subfield>
  </datafield>
  <datafield tag="801" ind1=" " ind2="2">
    <subfield code="a">RU</subfield>
    <subfield code="b">NLR</subfield>
    <subfield code="c">20070917</subfield>
    <subfield code="2">rusmarc</subfield>
  </datafield>
  <datafield tag="852" ind1=" " ind2=" ">
    <subfield code="a">NLR</subfield>
    <subfield code="j">18.96.2.9</subfield>
  </datafield>
  <datafield tag="942" ind1=" " ind2=" ">
    <subfield code="c">BOOK</subfield>
  </datafield>
</record>
